01015nab a22002057a 4500999001500000003000400015005001700019008004100036040000700077100003000084245011100114260007200225300001300297500003900310505018900349505008900538650002600627773014300653942001300796 c5964d5964OSt20260114140446.0190605e xxu||||| |||| 00| 0 spa d cPJ 94419aRomualdi, Emilio E.13aLa propina como oportunidad de ganancia. El DNU 731/2024 y su exclusión como salario /cEmilio Romualdi. aCiudad Autónoma de Buenos Aires :bThomson Reuters La Ley,c2024. ap. 44-55 aCita: TR LALEY AR/DOC/2629/2024.  aSumario: I. Aspectos generales del salario.— II. Formas de pago del salario.— III. La Oportunidad de Ganancia como género.— IV. La propina y el DNU 731.— V. Breve epílogo.  t¿Te interesa el texto completo? Solicitalo al correo: koha@justierradelfuego.gov.ar 091316aDERECHO LABORAL0 0271193168dCiudad Autónoma de Buenos Aires : Thomson Reuters La Ley, 1999-2002.tRevista de derecho del trabajo. Nº 6 - Noviembre 2024 2udccANA